Google Maps Quiz - Statistics

General Stats
  • This quiz has been taken 17 times
  • The average score is 4 of 6
Answer Stats
Hint Answer % Correct
What is the largest city on the coastline of Kenya? Mombasa
100%
What is the name of the "Strait" between Tasmania and Australia's Mainland? Bass
60%
What bay is located right next to the Hong Kong Disneyland Resort? Discovery
53%
What is the name of the zoo next to Cairo University, Egypt? Giza
53%
In Chicago, what is the name of the Aquarium on the lakefront? Shedd
47%
What is the name of the main river running through Pyongyang, North Korea? Taedong
47%
No matching quizzes found
Score Distribution
Percent of People with Each Score
Percentile by Number Answered
Your Score History
You have not taken this quiz